[Event "AICF Women GM 2018"]
[Site "Mumbai"]
[Date "2018.06.14"]
[Round "4"]
[White "Vantika Agrawal"]
[Black "Srija, Seshadri"]
[Result "0-1"]
[WhiteElo "2279"]
[BlackElo "2207"]
[Annotator "NA"]
[PlyCount "79"]
[EventDate "2018.??.??"]
[EventType "tourn"]
[EventCountry "IND"]
[SourceTitle "playchess.com"]
[Source "ChessBase"]
[SourceQuality "1"]
[TimeControl "40/5400+30:1800+30"]

1. Nf3 {[%emt 0:00:00]} d5 {[%emt 0:00:24]} 2. g3 {[%emt 0:00:02]} Nf6 {[%emt 0:00:10]} 3. Bg2 {[%emt 0:00:05]} c5 {[%emt 0:00:07]} 4. O-O {[%emt 0:00:58]} Nc6 {[%emt 0:00:15]} 5. d4 {[%emt 0:01:08]} cxd4 {[%emt 0:00:21]} 6. Nxd4 {[%emt 0:00:31]} e5 {[%emt 0:00:09]} 7. Nxc6 {[%emt 0:00:33]} bxc6 {[%emt 0:00:05]} 8. c4 {[%emt 0:01:50]} Be6 {[%emt 0:00:10]} 9. cxd5 {[%emt 0:01:56] D02: 1 d4 d5 2 Nf3 sidelines, including 2...Nf6 3 g3 and 2...Nf6 3 Bf4} (9. Qa4 Qd7 10. Nc3 Rc8 11. cxd5 cxd5 12. Qxd7+ Kxd7 13. Rd1 Bc5 14. Nxd5 Nxd5 15. Bxd5 Bxd5 16. Rxd5+ Ke6 {½-½ (16) Andersen,M (2605)-Kravtsiv,M (2685) Batumi 2018}) 9... cxd5 {[%emt 0:00:09]} 10. Nc3 {[%emt 0:01:14]} Qd7 {[%emt 0:02:53]} 11. Bg5 {[%emt 0:09:54]} Rd8 {[%emt 0:00:51]} 12. e4 {[%emt 0:33:21]} d4 {[%emt 0:17:17] [#]} 13. Nd5 $1 {[%emt 0:10:31]} Bxd5 {[%emt 0:05:08]} 14. exd5 {[%emt 0:04:32]} h6 $146 {[%emt 0:03:12]} ({Predecessor:} 14... Be7 15. Re1 h6 16. Bxf6 Bxf6 17. Qxd4 {1-0 (30) Bogdanovski,V (2431)-Hadzi Manev,L (2042) Struga 2014}) 15. Bxf6 {[%emt 0:05:16]} gxf6 {[%emt 0:00:02]} 16. f4 {[%emt 0:22:52]} Bg7 {[%emt 0:00:28]} 17. Qh5 {[%emt 0:01:35]} O-O {[%emt 0:03:10]} 18. fxe5 {[%emt 0:02:05]} fxe5 {[%emt 0:00:05]} 19. Rf5 {[%emt 0:00:25]} Rc8 {[%emt 0:09:36]} 20. Be4 {[%emt 0:00:30]} d3 {[%emt 0:17:33]} 21. Qd1 {[%emt 0:00:32]} Qb5 {[%emt 0:00:56]} 22. Bxd3 {[%emt 0:00:37]} Qxd5 {[%emt 0:03:51]} 23. Qe2 {[%emt 0:00:29]} Qd4+ {[%emt 0:01:58]} 24. Rf2 {[%emt 0:00:30]} e4 {[%emt 0:04:32]} 25. Ba6 {[%emt 0:00:30]} Rc6 {[%emt 0:02:52]} 26. Rd1 {[%emt 0:00:30]} Qb6 {[%emt 0:00:06]} 27. Bb5 {[%emt 0:00:27]} e3 {[%emt 0:02:30]} 28. Rf5 {[%emt 0:00:34]} Rc7 {[%emt 0:02:28]} 29. b3 {[%emt 0:00:28]} Rfc8 {[%emt 0:01:42]} 30. Bc4 {[%emt 0:00:26]} Re7 {[%emt 0:03:08]} 31. Rdf1 {[%emt 0:00:33]} Rcc7 {[%emt 0:00:07]} 32. R1f4 {[%emt 0:00:33]} Rcd7 {[%emt 0:01:28]} 33. Bd5 {[%emt 0:00:27]} Qd8 {[%emt 0:01:51]} 34. Bc4 {[%emt 0:00:35]} Rd2 {[%emt 0:01:17]} 35. Rxf7 {[%emt 0:00:27]} Rxf7 {[%emt 0:02:45]} 36. Rxf7 {[%emt 0:00:26]} Kh8 {[%emt 0:01:29]} 37. Qg4 {[%emt 0:00:22]} Bd4 $16 {[%emt 0:04:48] [#]} 38. Be2 $1 {[%emt 0:00:40]} Qa8 {[%emt 0:06:36]} 39. Qe6 {[%emt 0:00:32]} Rd1+ {[%emt 0:00:30] Qd7 Rd2} 40. Bxd1 0-1

[Event "AICF Women GM 2018"]
[Site "Mumbai"]
[Date "2018.06.14"]
[Round "4"]
[White "Divya Deshmukh"]
[Black "Nakhbayeva, Guliskhan"]
[Result "0-1"]
[WhiteElo "2138"]
[BlackElo "2323"]
[Annotator "NA"]
[PlyCount "46"]
[EventDate "2018.??.??"]
[EventType "tourn"]
[EventCountry "IND"]
[SourceTitle "playchess.com"]
[Source "ChessBase"]
[SourceQuality "1"]
[TimeControl "40/5400+30:1800+30"]

{[%evp 12,35,-16,32767,32767,-29,-28,32767,-8,-82,-45,-24,-11,32767,-24,-55,-36,-1,-17,-38,32767,0,0,-68,-65,-69]} 1. e4 {[%emt 0:00:00]} e6 {[%emt 0:00:24]} 2. Nf3 {[%emt 0:00:00]} d5 {[%emt 0:00:16]} 3. Nc3 {[%emt 0:00:00]} Nf6 {[%emt 0:01:21]} 4. e5 {[%emt 0:00:00]} Nfd7 {[%emt 0:00:06]} 5. d4 {[%emt 0:00:00]} c5 {[%emt 0:00:08]} 6. dxc5 {[%emt 0:00:04]} Nc6 {[%emt 0:00:41]} 7. Bf4 {[%emt 0:00:05]} Nxc5 {[%emt 0:02:33]} 8. Bd3 {[%emt 0:07:32]} Be7 {[%emt 0:01:50] LiveBook: 72 Partien C11: French: Classical System: 4 e5 and 4 Bg5 dxe4} 9. Qd2 {[%emt 0:03:29]} O-O $146 {[%emt 0:06:23]} ({Predecessor:} 9... Nxd3+ 10. Qxd3 Nb4 11. Qd2 d4 12. Ne2 d3 13. Ned4 Nxc2+ 14. Nxc2 dxc2 15. Qxc2 Qa5+ 16. Bd2 {0-1 (35) Aleksic,N (2393)-Stojanovic,M (2504) Montecatini Terme 2004}) 10. h4 {[%emt 0:03:33]} (10. O-O $11 {keeps the balance.}) 10... Nxd3+ {[%emt 0:02:44]} 11. Qxd3 {[%emt 0:00:50]} f6 {[%emt 0:01:14]} 12. exf6 {[%emt 0:03:39]} Bxf6 {[%emt 0:13:29]} 13. Bg5 {[%emt 0:01:44]} Bd7 {[%emt 0:01:35]} (13... Bxc3+ $5 14. Qxc3 Qd6 $15) 14. O-O-O {[%emt 0:02:38]} Be8 {[%emt 0:03:05]} 15. Qe2 {[%emt 0:02:38]} Qd6 {[%emt 0:09:07]} 16. Bxf6 {[%emt 0:04:42]} Rxf6 {[%emt 0:01:55]} 17. Kb1 {[%emt 0:00:13]} (17. Rd2 $11) 17... Qf4 {[%emt 0:01:31]} 18. Nh2 $15 {[%emt 0:28:11]} Bg6 {[%emt 0:15:33]} 19. h5 {[%emt 0:18:33]} Bf5 {[%emt 0:05:59]} 20. g4 {[%emt 0:08:14]} d4 {[%emt 0:02:57]} 21. gxf5 dxc3 22. Ng4 {[%emt 0:11:19]} Qb4 {[%emt 0:02:31]} 23. Nxf6+ {[%emt 0:00:04]} Kh8 {[%emt 0:00:08]} 0-1

[Event "AICF Women GM 2018"]
[Site "Mumbai"]
[Date "2018.06.15"]
[Round "5"]
[White "Munguntuul, Batkhuyag"]
[Black "Divya Deshmukh"]
[Result "1/2-1/2"]
[WhiteElo "2410"]
[BlackElo "2138"]
[Annotator "TA"]
[PlyCount "85"]
[EventDate "2018.??.??"]
[EventType "tourn"]
[EventCountry "IND"]
[SourceTitle "playchess.com"]
[Source "ChessBase"]
[SourceQuality "1"]

{[%evp 20,85,31,29,36,27,99,65,64,16,22,8,102,108,102,93,109,80,133,126,125,136,134,146,134,138,150,150,153,114,114,104,120,113,118,110,139,131,154,142,162,158,160,143,139,120,125,71,77,37,40,13,13,0,0,-22,-22,-101,-115,-117,0,0,0,0,0,0,0,0]} 1. e4 c5 2. Nf3 e6 3. d4 cxd4 4. Nxd4 a6 5. Nc3 Qc7 6. Be2 b5 7. O-O Bb7 8. Re1 Nc6 9. Nxc6 dxc6 10. e5 Ne7 {B43: Sizilianisch (Paulsen-Variante)} (10... Rd8 11. Bd3 Ne7 12. a4 b4 13. Ne4 Qxe5 14. Bg5 Qc7 15. Qe2 a5 16. Bc4 Rd5 17. Bxd5 cxd5 18. Ng3 Ng6 {1-0 (41) Areshchenko,A (2672)-Hracek,Z (2624) Rogaska Slatina 2011}) 11. Bd3 {LiveBook: 10 Partien} Ng6 12. Qh5 b4 (12... Be7 $11 {hält das Gleichgewicht.}) 13. Na4 $146 ({Vorgänger:} 13. Ne4 Qxe5 14. Bg5 Qxb2 15. Rad1 c5 16. Nd2 Qd4 17. Nb3 Qd5 18. Be4 Qxe4 19. Rxe4 Bxe4 {1-0 (76) Ruan,L (2433)-Pourkashiyan,A (2322) Teheran 2007}) 13... c5 14. b3 Be7 15. Bg5 O-O-O (15... Rd8 $11) 16. Bxe7 $16 Qxe7 17. Be4 Rd4 18. Qf3 Nh4 (18... Rxe4 $142 19. Rxe4 Rd8) 19. Bxb7+ Qxb7 20. Qxb7+ Kxb7 21. Nxc5+ Kc6 22. Nd3 Rg4 23. Kh1 Rc8 24. h3 Rd4 25. a3 Kb6 {[#]} 26. Re2 $1 ({Doch nicht} 26. Nxb4 $6 a5 $11) ({Ein No Go ist} 26. axb4 $6 Rxc2 27. Red1 Ng6 $11) 26... bxa3 27. Rxa3 Ng6 28. g3 Rc3 29. Ra2 Rd7 30. Nb2 Rc6 31. c4 Rd4 32. Re3 Kb7 33. Rd3 (33. Ra4 $142) 33... Re4 34. Rd7+ Kc8 35. Rxf7 Re2 36. b4 Nxe5 37. Rf8+ Kc7 38. Nd3 (38. Rg8 $11) 38... Rxa2 $17 39. Nxe5 {[#] Und weiter mit Tf7+ wäre nett.} Rb6 (39... Rd6 $1 $17 {Droht stark ...Te2.} 40. Rf7+ Kd8) 40. Rf7+ $11 {Die Stellung ist ausgeglichen.} Kc8 41. Rf8+ Kc7 42. Rf7+ Kc8 43. Rf8+ {Precision: Weiß = 40%, Schwarz = 49%.} 1/2-1/2

[Event "AICF Women GM 2018"]
[Site "Mumbai"]
[Date "2018.06.15"]
[Round "5"]
[White "Nakhbayeva, Guliskhan"]
[Black "Tokhirjonova, Gulrukhbegim"]
[Result "0-1"]
[WhiteElo "2323"]
[BlackElo "2379"]
[Annotator "TA"]
[PlyCount "132"]
[EventDate "2018.??.??"]
[EventType "tourn"]
[EventCountry "IND"]
[SourceTitle "playchess.com"]
[Source "ChessBase"]
[SourceQuality "1"]

{[%evp 20,132,104,91,98,88,113,94,121,112,110,104,108,102,71,31,45,6,45,56,38,0,0,0,5,0,0,-5,27,28,35,38,54,34,73,16,28,21,31,-54,-66,-106,-62,-153,-141,-188,-189,-183,-191,-403,-340,-345,-331,-331,-328,-324,-300,-368,-379,-408,-408,-409,-394,-417,-399,-520,-429,-589,-569,-597,-469,-443,-460,-940,-763,-710,-659,-1025,-958,-906,-864,-1000,-979,-1864,-1892,-12841,-12841,-12841,-12842,-12841,-1663,-2089,-1303,-12829,-1599,-1333,-1170,-2925,-2282,-12843,-12843,-12843,-12843,-12845,-12845,-29985,-29986,-29987,-29988,-29988,-29989,-29990,-29991,-29991,-29992]} 1. d4 Nf6 2. c4 e6 3. Nc3 d5 4. cxd5 exd5 5. Bg5 Nbd7 6. e3 Bb4 7. Bd3 c5 8. Nge2 h6 9. Bh4 c4 10. Bc2 O-O 11. O-O Be7 {D51: Queen's Gambit Declined: 4 Bg5 Nbd7 sidelines} 12. f3 Nb6 13. Kh1 $146 ({Predecessor:} 13. Bf2 Ne8 14. h3 Bh4 15. Qe1 Bxf2+ 16. Qxf2 Nc7 17. g4 a5 18. Ng3 Ra6 19. Rad1 {1-0 (37) Matlakov,M (2665)-Rzayev,B (2429) Kazan 2013}) 13... Re8 {White is better.} 14. Bf2 Bd7 15. Bg1 Bb4 16. a3 Ba5 17. Ng3 h5 18. Qd2 Nc8 19. e4 h4 20. Nge2 dxe4 $1 21. fxe4 Nxe4 22. Qf4 (22. Bxe4 Rxe4 23. Qc1 Rg4 $17) 22... Ned6 23. d5 Bc7 24. Nd4 Nf5 25. Qf3 Nh6 26. h3 $1 Nd6 27. Be3 ({Better is} 27. Qh5 $16) 27... Bb6 $11 28. Bxh6 Bxd4 ({Much weaker is} 28... gxh6 $6 29. Ncb5 $1 $16 {[%mdl 512]}) 29. Bd2 (29. Bf4 $1 $14 Nf5 30. d6 (30. Qh5 g6 $17)) 29... g6 {[%cal Bg7g6,Bg6g5][%mdl 32]} 30. Rae1 Rxe1 31. Rxe1 (31. Bxe1 $15 Bf5 32. Bf2 Bxf2 33. Qxf2) 31... Qf6 $17 32. Bf4 {[#]} Re8 $1 {[%cal Re8e1]} 33. Rf1 {White wants to play Bxd6.} Be5 34. Ne2 $2 (34. Kg1 {might work better.}) 34... g5 35. Bxe5 Qxf3 ({Weaker is} 35... Qxe5 36. Qh5 $17) 36. Rxf3 Rxe5 37. Nc3 f5 {White must now prevent ...Re1+.} 38. Kg1 b5 39. Rf2 Kg7 40. Kf1 a5 41. Rd2 Kf6 42. Rd4 Be8 43. Bd1 f4 44. Bc2 Bg6 45. Bxg6 Kxg6 $19 {[%mdl 4096] Endgame KRN-KRN} 46. a4 (46. Rd2 $142 b4 47. axb4 axb4 48. Na4) 46... b4 47. Nd1 Kf5 48. Kf2 Re4 49. Rd2 Ke5 50. Kf3 Rd4 51. Rxd4 Kxd4 {KN-KN} 52. Kg4 Kxd5 53. Kxg5 Ke5 54. Kxh4 Kf5 (54... Ne4 $142 55. Kg4 c3 56. bxc3 bxc3 57. Nxc3 Nxc3) 55. g4+ Kg6 56. g5 Kf5 (56... Nf5+ $142 57. Kg4 Ne3+ 58. Nxe3 fxe3) 57. g6 Ne8 58. Nf2 c3 59. bxc3 bxc3 {[%cal Bb4c3,Bc3c2][%mdl 32]} 60. Nd3 c2 61. Nc1 Ng7 62. Na2 Ke4 {Black mates.} 63. Kg4 f3 {[%cal Bf4f3,Bf3f2][%mdl 32]} 64. Kg3 Ke3 65. Nc1 f2 66. Kg2 Nf5 {Precision: White = 31%, Black = 71%.} 0-1

[Event "AICF Women GM 2018"]
[Site "Mumbai"]
[Date "2018.06.15"]
[Round "5"]
[White "Monnisha G K"]
[Black "Vantika Agrawal"]
[Result "0-1"]
[WhiteElo "2295"]
[BlackElo "2279"]
[Annotator "TA"]
[PlyCount "112"]
[EventDate "2018.??.??"]
[EventType "tourn"]
[EventCountry "IND"]
[SourceTitle "playchess.com"]
[Source "ChessBase"]
[SourceQuality "1"]

{[%evp 29,112,0,12,2,17,37,39,5,60,0,11,0,0,-35,-8,-39,-7,-22,-23,-180,-25,-285,-286,-296,-290,-282,-289,-275,-268,-283,-266,-425,-420,-416,-418,-389,-392,-501,-486,-659,-428,-614,-559,-774,-747,-689,-691,-640,-609,-12838,0,-612,0,-12838,-12839,-12836,-12837,-12837,-12838,-29981,-29982,-29983,-29981,-29983,-12838,-12838,-12839,-12839,-12840,-12840,-12839,-12842,-12839,-12842,-12842,-12841,-12841,-12842,-12842,-12845,-12844,-12844,-12844,-12845,-12845]} 1. e4 c5 2. Nf3 Nc6 3. d4 cxd4 4. Nxd4 Nf6 5. Nc3 e5 6. Ndb5 d6 7. Bg5 a6 8. Na3 b5 9. Nd5 Be7 10. Bxf6 Bxf6 11. c4 b4 {B33: Sicilian: Pelikan and Sveshnikov Variations} 12. Nc2 O-O 13. g3 Bg5 (13... Rb8 14. b3 Be6 15. h4 Rb7 16. Rc1 a5 17. Bh3 Bxd5 18. cxd5 Na7 19. Bf1 {1-0 (78) Morozevich,A (2665)-Dubov,D (2701) Moscow 2018}) 14. h4 Bh6 15. Bg2 Qa5 {LiveBook: 3 Games. ...b3+ is the strong threat.} 16. b3 Qc5 17. O-O a5 {[%cal Ba6a5,Ba5a4][%mdl 32]} 18. Qd3 Ra7 {[#]} ({Black should play} 18... Be6 $11) 19. Kh2 $146 (19. a3 $1 $14) ({Predecessor:} 19. Rad1) 19... Be6 20. Nde3 Bxe3 21. Qxe3 a4 22. Rfd1 Rfa8 23. Qe1 h6 24. f4 $2 (24. Rab1 $1 $11) 24... f6 $2 ({Black should try} 24... axb3 $19 25. axb3 Rxa1 26. Rxa1 Rxa1 27. Nxa1 exf4 28. gxf4 Nd4) 25. Qd2 $2 {[%mdl 8192] [#]} (25. f5 $11 {and White stays safe.} Bf7 26. Rac1) 25... Bg4 $1 $19 26. Rf1 axb3 27. axb3 Rxa1 28. Rxa1 Rxa1 29. Nxa1 Nd4 30. Nc2 {[#]} (30. fxe5 {only move.} dxe5 31. Nc2) 30... Nxc2 $1 31. Qxc2 exf4 32. gxf4 Qe3 33. f5 Kh7 34. Qa2 Bh5 35. Qa8 (35. Qc2 $142) 35... Qf2 36. Kh1 Qxh4+ 37. Kg1 Qe1+ 38. Kh2 Qf2 {( -> ...Bf3)} 39. Kh1 Qe1+ (39... Bf3 $142 40. Bxf3 Qxf3+ 41. Kh2 Qxb3) 40. Kh2 Qf2 (40... Bd1 $142 41. Qe8 Qh4+ 42. Kg1 Qg5) 41. Kh1 Bf3 42. Bxf3 Qxf3+ {[%mdl 4096] Endgame KQ-KQ} 43. Kh2 Qxb3 44. Qd5 Qc2+ 45. Kh3 Qc3+ 46. Kg4 Qe5 (46... h5+ $142 47. Kf4 h4 48. e5 Qxe5+ 49. Qxe5 dxe5+ 50. Kg4 b3 51. Kxh4 b2 52. c5 b1=Q 53. c6 Qxf5 54. Kg3 g5 55. c7 g4 56. c8=Q Qxc8 57. Kf2 Qc2+ 58. Ke3 g3 59. Kf3 g2 60. Ke3 g1=Q+ 61. Kf3 Qcg2#) 47. Qb7 {Black is clearly winning.} b3 48. Qxb3 Qxe4+ 49. Kg3 Qxf5 50. Qa3 Qe5+ 51. Kh3 h5 {[%cal Bh6h5,Bh5h4][%mdl 32]} 52. Qd3+ Kh6 53. Qd2+ g5 {[%cal Bg7g5,Bg5g4][%mdl 32]} 54. Qa2 g4+ 55. Kg2 h4 56. Qd2+ Kh5 {Precision: White = 28%, Black = 52%.} 0-1

[Event "AICF Women GM 2018"]
[Site "Mumbai"]
[Date "2018.06.15"]
[Round "5"]
[White "Srija, Seshadri"]
[Black "Aakanksha Hagawane"]
[Result "1-0"]
[WhiteElo "2207"]
[BlackElo "2297"]
[Annotator "TA"]
[PlyCount "63"]
[EventDate "2018.??.??"]
[EventType "tourn"]
[EventCountry "IND"]
[SourceTitle "playchess.com"]
[Source "ChessBase"]
[SourceQuality "1"]

{[%evp 33,63,19,56,56,42,45,55,50,47,37,45,26,346,339,520,515,512,513,709,709,783,722,716,603,603,597,658,653,1325,1288,1614,1595]} 1. e4 e6 2. d4 d5 3. Nd2 Nf6 4. e5 Nfd7 5. Bd3 c5 6. c3 Nc6 7. Ne2 cxd4 8. cxd4 f6 9. exf6 Nxf6 10. Nf3 Bd6 11. O-O Qc7 12. h3 O-O 13. Be3 {C06: French Tarrasch: 3...Nf6 4 e5 Nfd7 5 Bd3 main lines} Bd7 14. Re1 Rae8 (14... Be8 15. Ng5 Bf7 16. Rc1 Kh8 17. a3 Bg8 18. b4 a6 19. g3 h6 20. Nf4 Bxf4 21. Bxf4 {1-0 (38) Navara,D (2729)-Michiels,B (2563) Wijk aan Zee 2015}) 15. Rc1 Qb8 16. Nc3 {[%cal Be2c3,Bc3a4,Ba4c5][%mdl 32]} a6 17. Na4 e5 {LiveBook: 8 Games} 18. dxe5 Nxe5 19. Nxe5 Bxe5 20. Nc5 Bc8 21. Qb3 $146 Kh8 22. Qb4 Qd6 $2 {[%mdl 8192] [#]} (22... a5 $11 {and Black is okay.} 23. Qb6 (23. Qxa5 d4 $17) 23... d4) 23. f4 $18 b6 (23... Nd7 $142 24. fxe5 Nxe5) 24. fxe5 {White is clearly winning.} Qxe5 {and the idea ...Qg3 leaves Black hopeful.} 25. Nxa6 Bxh3 26. Qh4 ({Not} 26. gxh3 $2 Qg3+ 27. Kh1 Qxh3+ 28. Kg1 Qg3+ 29. Kh1 Ng4 $19) 26... Bg4 27. Bc5 Qxb2 28. Bxf8 Rxf8 29. Qf2 Qa3 30. Qd4 Qxa2 31. Qb4 Rg8 32. Ra1 {Precision: White = 83%, Black = 15%.} 1-0

[Event "AICF Women GM 2018"]
[Site "Mumbai"]
[Date "2018.06.15"]
[Round "5"]
[White "Rakshitta Ravi"]
[Black "Vo, Thi Kim Phung"]
[Result "0-1"]
[WhiteElo "2067"]
[BlackElo "2376"]
[Annotator "TA"]
[PlyCount "108"]
[EventDate "2018.??.??"]
[EventType "tourn"]
[EventCountry "IND"]
[SourceTitle "playchess.com"]
[Source "ChessBase"]
[SourceQuality "1"]

{[%evp 19,108,0,12,0,0,0,0,6,6,-16,-9,-41,-35,-47,-46,-56,-50,-50,-33,-45,-29,-50,-39,-37,-32,-43,-28,-35,-5,-2,0,0,0,15,31,0,10,0,0,0,7,0,0,0,0,0,32,0,3,0,11,0,13,4,16,19,34,28,76,24,28,0,0,0,0,0,0,0,2,0,10,0,37,-29,-39,-110,-127,-363,-361,-368,-360,-222,-222,-873,-841,-771,-281,-29995,-783,-29994,-877]} 1. Nf3 d5 2. g3 Nf6 3. Bg2 g6 4. O-O Bg7 5. d4 O-O 6. c4 dxc4 7. Na3 Nc6 8. Nxc4 Be6 9. Nce5 Bd5 10. Nxc6 Bxc6 {LiveBook: 6 Games} 11. b3 {D77: Fianchetto Grünfeld: 6 0-0: Replies other than 6...c6} Be4 12. Bb2 Qd5 13. Rc1 {The position is equal.} c6 14. Qd2 a5 $146 {[%cal Ba7a5,Ba5a4][%mdl 32]} ({Predecessor:} 14... Qd6 15. Rfd1 Rfd8 16. Ne1 Bxg2 17. Kxg2 e5 18. Nf3 e4 {0-1 (36) Menendez,D (2290)-Panno,O (2440) Villa Ballester 1991}) 15. Ba3 Rfe8 16. Rc5 Qd8 17. Rcc1 a4 {Threatens to win with ...axb3.} 18. b4 Qb6 19. Rfd1 Rad8 20. Qb2 Nd5 {[%cal Bf6d5,Bd5c7,Bc7b5][%mdl 32]} 21. Ne5 Bxg2 22. Kxg2 Nc7 23. Nc4 Qa7 {[%cal Rg7d4]} 24. e3 Nb5 25. Qc2 Rd5 26. Bb2 Red8 27. Ba1 e6 28. Nb2 a3 29. Nc4 Nd6 30. Na5 Nb5 31. Qb3 Bf8 32. Nc4 R5d7 33. Rd3 {[%cal Rc4a3]} Ra8 34. Rcd1 Bg7 35. h4 h5 36. Qc2 Rdd8 37. Rb3 Qb8 38. Rdd3 Bf8 39. Bc3 (39. Nxa3 $16 Nxa3 40. Rxa3) 39... Ra6 40. Ba1 (40. Be1 {seems wilder.} Qc8 41. f3 Qd7 42. Qd1 Bh6 43. Bf2) 40... Qc7 41. Nxa3 Nxa3 42. Rxa3 Rxa3 43. Rxa3 Bxb4 44. Rb3 Bd6 45. Qb2 Rd7 46. f4 (46. d5 $14 e5 47. Rc3) 46... Qa5 $11 47. d5 (47. e4 $15 Qe1 48. d5) 47... Qxd5+ $17 48. e4 $2 (48. Kh2 $17 e5 49. fxe5) 48... Qxe4+ $19 49. Rf3 {[%csl Ga1][%cal Rb2h8] [#]} f6 $1 50. Qxf6 {[#]} Bf8 $1 {[%cal Rf8g7]} 51. Qh8+ $2 (51. Be5 Rd2+ 52. Kh3 Qf5+ 53. Qxf5 exf5 54. a4) 51... Kf7 {( -> ...Rd2+)} 52. Qc3 Ke8 $2 (52... Rd1 53. Qf6+ Ke8) 53. Kh2 $2 (53. Qe3 $19 Qc4 54. Qe1) 53... Bg7 (53... Qe2+ $142 54. Kh3 Rd1 55. Rf2 Qxf2 56. Qxc6+ bxc6 57. Bh8 Rh1#) 54. Qb3 Bxa1 {Precision: White = 29%, Black = 52%.} (54... Rd2+ $142 55. Kg1 Qe2 56. Qxe6+ Qxe6 57. Rf2 Qe1+ 58. Rf1 Qxg3+ 59. Kh1 Qh2#) 0-1

[Event "AICF Women GM 2018"]
[Site "Mumbai"]
[Date "2018.06.15"]
[Round "6"]
[White "Tokhirjonova, Gulrukhbegim"]
[Black "Munguntuul, Batkhuyag"]
[Result "1/2-1/2"]
[WhiteElo "2379"]
[BlackElo "2410"]
[Annotator "TA"]
[PlyCount "21"]
[EventDate "2018.??.??"]
[EventType "tourn"]
[EventCountry "IND"]
[SourceTitle "playchess.com"]
[Source "ChessBase"]
[SourceQuality "1"]

{[%evp 20,21,12,0]} 1. d4 d5 2. c4 c6 3. Nf3 Nf6 4. Nc3 a6 5. c5 Nbd7 6. Bf4 Nh5 7. Bd2 Nhf6 8. Bf4 $146 ({Predecessor:} 8. Rc1 g6 9. g3 Bg7 10. Bg2 O-O 11. O-O Re8 12. Na4 Ra7 13. Re1 Ne4 14. Bf4 Nf8 15. Nd2 Nxd2 16. Qxd2 {1-0 (48) Korobov,A (2664)-McShane,L (2647) Batumi 2018}) 8... Nh5 9. Bd2 Nhf6 10. Bf4 Nh5 11. Bd2 1/2-1/2

[Event "AICF Women GM 2018"]
[Site "Mumbai"]
[Date "2018.06.15"]
[Round "6"]
[White "Vo, Thi Kim Phung"]
[Black "Nakhbayeva, Guliskhan"]
[Result "1/2-1/2"]
[WhiteElo "2376"]
[BlackElo "2323"]
[Annotator "NA"]
[PlyCount "67"]
[EventDate "2018.??.??"]
[EventType "tourn"]
[EventCountry "IND"]
[SourceTitle "playchess.com"]
[Source "ChessBase"]
[SourceQuality "1"]
[TimeControl "40/5400+30:1800+30"]

1. d4 {[%emt 0:00:00]} e6 {[%emt 0:00:19]} 2. c4 {[%emt 0:00:00]} Nf6 {[%emt 0:00:09]} 3. Nc3 {[%emt 0:00:00]} Bb4 {[%emt 0:00:05]} 4. Qc2 {[%emt 0:00:00]} d5 {[%emt 0:00:05]} 5. cxd5 {[%emt 0:00:13]} exd5 {[%emt 0:00:04]} 6. Bg5 {[%emt 0:00:06]} O-O {[%emt 0:00:12]} 7. Nf3 {[%emt 0:00:08]} h6 {[%emt 0:00:05]} 8. Bh4 {[%emt 0:00:16]} c5 {[%emt 0:00:07]} 9. dxc5 {[%emt 0:00:06]} Be6 {[%emt 0:00:46]} 10. e3 {[%emt 0:01:04]} Nbd7 {[%emt 0:00:12]} 11. Nd4 {[%emt 0:01:39]} Bxc5 {[%emt 0:12:34]} 12. Nxe6 {[%emt 0:05:53]} fxe6 {[%emt 0:00:04]} 13. Be2 {[%emt 0:00:22]} Rc8 {[%emt 0:00:47]} 14. O-O {[%emt 0:00:28]} a6 {[%emt 0:05:58]} 15. Rac1 {[%emt 0:02:57]} Qa5 {[%emt 0:03:58]} 16. a3 {[%emt 0:10:41]} Bd6 $11 {[%emt 0:03:34]} 17. Qb3 {[%emt 0:09:08]} Rc7 {[%emt 0:08:45]} 18. Bxf6 {[%emt 0:05:17]} Nxf6 {[%emt 0:06:40]} 19. e4 {[%emt 0:01:43]} Kh8 {[%emt 0:00:12]} 20. exd5 {[%emt 0:00:18]} exd5 {[%emt 0:00:10]} 21. Rcd1 {[%emt 0:00:40]} d4 {[%emt 0:00:32]} 22. Rxd4 {[%emt 0:01:26]} Qe5 {[%emt 0:04:39]} 23. Rh4 {[%emt 0:04:49]} Rxc3 {[%emt 0:00:13]} 24. Qxc3 {[%emt 0:00:11]} Qxe2 {[%emt 0:00:14]} 25. Re1 {[%emt 0:01:11]} Qb5 {[%emt 0:01:13]} 26. Qd2 {[%emt 0:04:11]} Qc6 {[%emt 0:11:02]} 27. g3 {[%emt 0:03:27]} Bc5 {[%emt 0:02:32]} 28. Rf4 {[%emt 0:09:00]} Rc8 {[%emt 0:07:27]} 29. Qd3 {[%emt 0:05:21]} Bd6 {[%emt 0:06:17]} 30. Rd4 {[%emt 0:01:09]} Bc5 {[%emt 0:00:09]} 31. Rf4 {[%emt 0:00:07]} Bd6 {[%emt 0:00:12]} 32. Rd4 {[%emt 0:00:05]} Bc5 {[%emt 0:00:07]} 33. Rf4 {[%emt 0:00:05]} Bd6 {[%emt 0:00:03]} 34. Rd4 1/2-1/2